| 000 | 00972cab a2200313 4500 | ||
|---|---|---|---|
| 001 | ABS58406 | ||
| 008 | 090401t1998 xxu||||| |||| 00| 0 eng d | ||
| 035 | _a(Sirsi) u85096 | ||
| 041 | _aeng | ||
| 100 | _aCook, S. | ||
| 245 | _aThermal improvements in office refurbishments | ||
| 260 | _c1998 | ||
| 350 | _a0 | ||
| 490 |
_aCSM _bChartered Surveyor Monthly _v7(6) March 1998, 32-34(3) |
||
| 520 | _aConsiders why thermal improvements are often undertaken during the refurbishment of offices. Looks at the possible options for improvements, and reports on overseas case studies. References. | ||
| 650 | _aAMSTERDAM | ||
| 650 | _aCOMMERCIAL BUILDINGS | ||
| 650 | _aENERGY CONSERVATION | ||
| 650 | _aHAMBURG | ||
| 650 | _aLONDON | ||
| 650 | _aNEW YORK | ||
| 650 | _aOFFICES | ||
| 650 |
_aRefurbishment _96264 |
||
| 650 | _aTHERMAL INSULATION | ||
| 650 | _aTORONTO | ||
| 690 | _aBUILDING AND CONSTRUCTION-ENERGY | ||
| 942 | _n0 | ||
| 948 | _c19/03/1998 | ||
| 999 |
_c53506 _d53506 |
||